<?xml version="1.0" encoding="UTF-8"?>
<record
    xmlns:xsi="http://www.w3.org/2001/XMLSchema-instance"
    xsi:schemaLocation="http://www.loc.gov/MARC21/slim http://www.loc.gov/standards/marcxml/schema/MARC21slim.xsd"
    xmlns="http://www.loc.gov/MARC21/slim">

  <leader>01766nam0a22003251  4500</leader>
  <controlfield tag="001">rc\250506</controlfield>
  <controlfield tag="005">20260406204334.0</controlfield>
  <datafield tag="010" ind1=" " ind2=" ">
    <subfield code="d">&#x411;.&#x446;.</subfield>
    <subfield code="9">250</subfield>
  </datafield>
  <datafield tag="021" ind1=" " ind2=" ">
    <subfield code="a">RU</subfield>
    <subfield code="b">90-27574</subfield>
  </datafield>
  <datafield tag="035" ind1=" " ind2=" ">
    <subfield code="a">(NLR Aleph) 008768810</subfield>
  </datafield>
  <datafield tag="090" ind1=" " ind2=" ">
    <subfield code="a">7911067</subfield>
    <subfield code="c">7911067</subfield>
  </datafield>
  <datafield tag="100" ind1=" " ind2=" ">
    <subfield code="a">20030307d1990    |||y0rusy50      ca</subfield>
  </datafield>
  <datafield tag="101" ind1="0" ind2=" ">
    <subfield code="a">rus</subfield>
  </datafield>
  <datafield tag="102" ind1=" " ind2=" ">
    <subfield code="a">RU</subfield>
  </datafield>
  <datafield tag="105" ind1=" " ind2=" ">
    <subfield code="a">a z|||1||||</subfield>
  </datafield>
  <datafield tag="200" ind1="1" ind2=" ">
    <subfield code="a">&#x41F;&#x440;&#x43E;&#x435;&#x43A;&#x442;&#x438;&#x440;&#x43E;&#x432;&#x430;&#x43D;&#x438;&#x435; &#x438; &#x442;&#x435;&#x445;&#x43D;&#x43E;&#x43B;&#x43E;&#x433;&#x438;&#x44F; &#x432;&#x43E;&#x437;&#x432;&#x435;&#x434;&#x435;&#x43D;&#x438;&#x44F; &#x441;&#x432;&#x430;&#x439;&#x43D;&#x44B;&#x445; &#x444;&#x443;&#x43D;&#x434;&#x430;&#x43C;&#x435;&#x43D;&#x442;&#x43E;&#x432; &#x438; &#x431;&#x435;&#x437;&#x440;&#x43E;&#x441;&#x442;&#x432;&#x435;&#x440;&#x43A;&#x43E;&#x432;&#x44B;&#x445; &#x43E;&#x43F;&#x43E;&#x440; &#x43C;&#x43E;&#x441;&#x442;&#x43E;&#x432; &#x441;&#x43E;&#x432;&#x440;&#x435;&#x43C;&#x435;&#x43D;&#x43D;&#x44B;&#x445; &#x43A;&#x43E;&#x43D;&#x441;&#x442;&#x440;&#x443;&#x43A;&#x446;&#x438;&#x439; &#x432; &#x443;&#x441;&#x43B;&#x43E;&#x432;&#x438;&#x44F;&#x445; &#x421;&#x438;&#x431;&#x438;&#x440;&#x438;</subfield>
    <subfield code="e">(&#x43C;&#x430;&#x442;&#x435;&#x440;&#x438;&#x430;&#x43B;&#x44B; &#x43A;&#x43E;&#x43D;&#x444;&#x435;&#x440;&#x435;&#x43D;&#x446;&#x438;&#x438;), 20-21 &#x43C;&#x430;&#x440;&#x442;&#x430; 1990 &#x433;.</subfield>
    <subfield code="f">&#x41C;-&#x432;&#x43E; &#x442;&#x440;&#x430;&#x43D;&#x441;&#x43F;. &#x441;&#x442;&#x440;-&#x432;&#x430; &#x421;&#x421;&#x421;&#x420;, &#x412;&#x41D;&#x418;&#x418; &#x442;&#x440;&#x430;&#x43D;&#x441;&#x43F;. &#x441;&#x442;&#x440;-&#x432;&#x430;, &#x41D;&#x43E;&#x432;&#x43E;&#x441;&#x438;&#x431;. &#x444;&#x438;&#x43B;. &#x414;&#x43E;&#x440;. &#x43F;&#x440;&#x430;&#x432;&#x43B;. &#x412;&#x41D;&#x422;&#x41E; &#x416;&#x418;&#x422; , &#x417;&#x430;&#x43F;.-&#x421;&#x438;&#x431;. &#x436;. &#x434;., &#x41D;&#x43E;&#x432;&#x43E;&#x441;&#x438;&#x431;. &#x43E;&#x431;&#x43B;. &#x434;&#x43E;&#x43C; &#x43D;&#x430;&#x443;&#x43A;&#x438; &#x438; &#x442;&#x435;&#x445;&#x43D;&#x438;&#x43A;&#x438; &#x421;&#x43E;&#x44E;&#x437;&#x430; &#x41D;&#x418;&#x41E; &#x421;&#x421;&#x421;&#x420;</subfield>
    <subfield code="g">[&#x43E;&#x442;&#x432;. &#x440;&#x435;&#x434;. &#x412;.&#x41C;. &#x41A;&#x43E;&#x437;&#x43B;&#x43E;&#x432;]</subfield>
  </datafield>
  <datafield tag="210" ind1=" " ind2=" ">
    <subfield code="a">&#x41D;&#x43E;&#x432;&#x43E;&#x441;&#x438;&#x431;&#x438;&#x440;&#x441;&#x43A;</subfield>
    <subfield code="c">&#x431;.&#x438;.</subfield>
    <subfield code="d">1990</subfield>
  </datafield>
  <datafield tag="215" ind1=" " ind2=" ">
    <subfield code="a">80, [1] &#x441;.</subfield>
    <subfield code="c">&#x438;&#x43B;.</subfield>
    <subfield code="d">21</subfield>
  </datafield>
  <datafield tag="320" ind1=" " ind2=" ">
    <subfield code="a">&#x411;&#x438;&#x431;&#x43B;&#x438;&#x43E;&#x433;&#x440;. &#x432; &#x43A;&#x43E;&#x43D;&#x446;&#x435; &#x434;&#x43E;&#x43A;&#x43B;.</subfield>
  </datafield>
  <datafield tag="606" ind1="1" ind2=" ">
    <subfield code="a">&#x41C;&#x43E;&#x441;&#x442;&#x44B;</subfield>
    <subfield code="j">&#x421;&#x431;&#x43E;&#x440;&#x43D;&#x438;&#x43A;&#x438;</subfield>
    <subfield code="x">&#x41E;&#x43F;&#x43E;&#x440;&#x44B; &#x43D;&#x430; &#x431;&#x443;&#x440;&#x43E;&#x432;&#x44B;&#x445; &#x441;&#x432;&#x430;&#x44F;&#x445;</subfield>
    <subfield code="x">&#x424;&#x443;&#x43D;&#x434;&#x430;&#x43C;&#x435;&#x43D;&#x442;&#x44B;</subfield>
    <subfield code="x">&#x421;&#x442;&#x440;&#x43E;&#x438;&#x442;&#x435;&#x43B;&#x44C;&#x441;&#x442;&#x432;&#x43E;</subfield>
    <subfield code="9">1662102</subfield>
    <subfield code="3">RU\NLR\AUTH\66736527</subfield>
  </datafield>
  <datafield tag="686" ind1="0" ind2=" ">
    <subfield code="a">&#x41E;112.2-063.61</subfield>
    <subfield code="2">rubbk</subfield>
  </datafield>
  <datafield tag="686" ind1="0" ind2=" ">
    <subfield code="a">&#x41E;112.2-043.6</subfield>
    <subfield code="2">rubbk</subfield>
  </datafield>
  <datafield tag="702" ind1=" " ind2="1">
    <subfield code="a">&#x41A;&#x43E;&#x437;&#x43B;&#x43E;&#x432;</subfield>
    <subfield code="b">&#x412;.&#x41C;.</subfield>
    <subfield code="g">&#x412;&#x44F;&#x447;&#x435;&#x441;&#x43B;&#x430;&#x432; &#x41C;&#x438;&#x445;&#x430;&#x439;&#x43B;&#x43E;&#x432;&#x438;&#x447;</subfield>
    <subfield code="4">340</subfield>
  </datafield>
  <datafield tag="712" ind1="0" ind2="2">
    <subfield code="4">650</subfield>
    <subfield code="a">&#x412;&#x41D;&#x418;&#x418; &#x442;&#x440;&#x430;&#x43D;&#x441;&#x43F;&#x43E;&#x440;&#x442;&#x43D;&#x43E;&#x433;&#x43E; &#x441;&#x442;&#x440;&#x43E;&#x438;&#x442;&#x435;&#x43B;&#x44C;&#x441;&#x442;&#x432;&#x430;</subfield>
    <subfield code="b">&#x41D;&#x43E;&#x432;&#x43E;&#x441;&#x438;&#x431;&#x438;&#x440;&#x441;&#x43A;&#x438;&#x439; &#x444;&#x438;&#x43B;&#x438;&#x430;&#x43B;</subfield>
    <subfield code="3">RU\NLR\AUTH\889964728</subfield>
    <subfield code="9">425671</subfield>
  </datafield>
  <datafield tag="801" ind1=" " ind2="0">
    <subfield code="a">RU</subfield>
    <subfield code="b">NLR</subfield>
    <subfield code="g">psbo</subfield>
  </datafield>
  <datafield tag="801" ind1=" " ind2="1">
    <subfield code="a">RU</subfield>
    <subfield code="b">ELAR</subfield>
    <subfield code="2">rusmarc</subfield>
  </datafield>
  <datafield tag="801" ind1=" " ind2="2">
    <subfield code="a">RU</subfield>
    <subfield code="b">NLR</subfield>
    <subfield code="c">20180405</subfield>
    <subfield code="2">rusmarc</subfield>
  </datafield>
  <datafield tag="852" ind1=" " ind2=" ">
    <subfield code="a">NLR</subfield>
    <subfield code="j">90-4/4991</subfield>
  </datafield>
  <datafield tag="942" ind1=" " ind2=" ">
    <subfield code="c">BOOK</subfield>
  </datafield>
  <datafield tag="980" ind1=" " ind2=" ">
    <subfield code="a">NB</subfield>
  </datafield>
  <datafield tag="995" ind1=" " ind2=" ">
    <subfield code="5">2013-10-26</subfield>
    <subfield code="b">NLR01</subfield>
    <subfield code="c">NLR01</subfield>
    <subfield code="e">RF9</subfield>
    <subfield code="f">8768810-10</subfield>
    <subfield code="k">90-4/4991</subfield>
    <subfield code="o">0</subfield>
    <subfield code="r">BOOK</subfield>
    <subfield code="s">9044991_</subfield>
  </datafield>
</record>
